Historia de las religiones

Kaydedildi:
Detaylı Bibliyografya
Yazar: Guerra Gómez, Manuel (autor)
Materyal Türü: Kitap
Dil:İspanyolca
Baskı/Yayın Bilgisi: Madrid, España: Biblioteca de Autores Cristianos, 2010.
Edisyon:2a. ed
Seri Bilgileri:Sapientis Fidei, 21
Konular:
Etiketler: Etiketle
Etiket eklenmemiş, İlk siz ekleyin!

MARC

LEADER 00000cam a2200000 a 4500
001 UCD7746
003 CL-VaPUC
005 20250102121431.0
008 170407e20100000sp |||||||||||||||||spa|d
999 |c 367688  |d 367686 
020 |a 9788422014720 
040 |c Pontificia Universidad Católica de Valparaíso 
082 0 4 |a 291  |b GUE  |2 21 
100 |a Guerra Gómez, Manuel  |e autor  |9 591728 
245 1 0 |a Historia de las religiones 
250 |a 2a. ed 
260 |a Madrid, España:  |b Biblioteca de Autores Cristianos,  |c 2010. 
300 |a 424 páginas. 
490 0 |a Sapientis Fidei, 21 
583 |a last modification  |c 20170407 16:56:00  |k Rodrigo Vera 
650 0 |a Religiones   |9 878148  |x Historia   |x Budismo  |x Hinduismo  |x Jainismo  |x Islamismo  |x Sijismo  |x Judaísmo  |x Cristianismo 
650 0 |a Religión  |9 323371  |x Enseñanza 
650 0 |a Sectas  |9 320072 
942 |c BK  |2 ddc 
945 |d 20170407 16:56:00  |a dcastane 
952 |0 0  |1 0  |3 erb  |4 0  |6 291_000000000000000_GUE_2010  |7 0  |8 A  |9 482707  |a BIBTEO  |b BIBTEO  |i 5371740  |l 1  |o 291 GUE 2010  |p 5371740  |r 2024-01-18  |s 2023-05-17  |w 2019-11-24  |y BK  |z Catalogado en:20170407  |k ICR